000 00997nam0a22002891 4500
001 RU\NLR\INFOCOMM\LIB\28238
005 20250810041912.0
035 _a(NLR Aleph) 004298911
090 _a2578208
_c2578208
100 _a20020208d1945 u y0rusy50 ca
101 0 _afin
102 _aRU
105 _ay ||||000ay
200 1 _aNeuvostoliiton Korkeimman Neuvoston yhdestoista sessia v. 1945 huhtikuun 24-27 päivänä
_ePikakirjoituspöytäkirja
_fSuom. Helman S. ja Kivelä K.
210 _aM.
_cNeuvostoliiton Korkeimman Neuvoston Julkaisu
_d1945
215 _a296 стр.
_d22 см
541 0 _aОдиннадцатая сессия Верховного Совета СССР
702 1 _aHelman
_bS.
_4730
702 1 _aKivelä
_bK.
_4730
801 1 _aRU
_bInfoComm
_c20020208
801 0 _aRU
_bNLR
_gPSBO
852 _aNLR
_bН
_jФин/3-1925
942 _cBOOK
945 _aРоссийская национальная библиотека
980 _aNB
980 _aBV